Central Library OPAC University of Rajshahi

The Pakistan penal code (XLV of 1880) / (Record no. 46747)

MARC details
000 -LEADER
fixed length control field 00720nam a2200229 a 4500
001 - CONTROL NUMBER
control field 46747
003 - CONTROL NUMBER IDENTIFIER
rucl marc code BD-RjUL
005 - DATE AND TIME OF LATEST TRANSACTION
control field 20211209054211.0
008 - FIXED-LENGTH DATA ELEMENTS--GENERAL INFORMATION
fixed length control field 160804m19661951ii 00100 eng d
035 ## - SYSTEM CONTROL NUMBER
System control number (BD-RjUL)46866
040 ## - CATALOGING SOURCE
Original cataloging agency CLONE
Transcribing agency ANL
Language of cataloging eng
Modifying agency BD-RjUL
041 ## - LANGUAGE CODE
Language code of text/sound track or separate title eng
082 0# - DEWEY DECIMAL CLASSIFICATION NUMBER
Classification number 345.5491002632
Edition number 23
Author mark and year NIP 1966
100 1# - MAIN ENTRY--PERSONAL NAME
Personal name Nizami, Muhammad Mazhar Hassan
9 (RLIN) 142468
245 14 - TITLE STATEMENT
Title The Pakistan penal code (XLV of 1880) /
Statement of responsibility, etc. Muhammad Mazhar Hassan Nizami and Choudhry Fazal-I-Haq
250 ## - EDITION STATEMENT
Edition statement 6th ed.
260 ## - PUBLICATION, DISTRIBUTION, ETC. (IMPRINT)
Place of publication, distribution, etc. Lahore :
Name of publisher, distributor, etc. Legal Research Centre,
Date of publication, distribution, etc. 1966,
300 ## - PHYSICAL DESCRIPTION
Pagination xviii,a66,528p. ;
Size 25 cm.
650 #0 - SUBJECT ADDED ENTRY--TOPICAL TERM
Topical term or geographic name as entry element Criminal law
Geographic subdivision Pakistan.
9 (RLIN) 142469
700 ## - ADDED ENTRY--PERSONAL NAME
Personal name Fazal-I-Haq, Choudhry
942 ## - ADDED ENTRY ELEMENTS (KOHA)
Source of classification or shelving scheme Dewey Decimal Classification
Koha item type Books
Holdings
Lost status Source of classification or shelving scheme Damaged status Not for loan Collection code Permanent Location Current Location Shelving location Date acquired Source of acquisition Cost, normal purchase price Total Checkouts Full call number Date last seen Copy number Koha item type
  Dewey Decimal Classification     Non-fiction Central Library, University of Rajshahi Central Library, University of Rajshahi   08/02/1968 waris book co, Dhaka 13.00   345.5491002632 NIP 1966 04/08/2016 C-2 Books